Amistad francesa
Salvato in:
| Autore principale: | |
|---|---|
| Natura: | Libro |
| Lingua: | spagnolo |
| Pubblicazione: |
Valparaíso
Diario La Unión
1954
|
| Edizione: | 1a. ed |
| Soggetti: | |
| Tags: |
Aggiungi Tag
Nessun Tag, puoi essere il primo ad aggiungerne!!
|
MARC
| LEADER | 00000nam a2200000 a 4500 | ||
|---|---|---|---|
| 001 | UCJ4057 | ||
| 003 | CL-VaPUC | ||
| 008 | 070124e19540000CL |||||||||||||||||spa|d | ||
| 082 | 0 | 4 | |a Ch863 |b REY |2 21 |
| 100 | 0 | |a Reyes, Salvador |e author |9 352822 | |
| 245 | 1 | 0 | |a Amistad francesa |
| 250 | |a 1a. ed | ||
| 300 | |a 45 p | ||
| 942 | |c BK | ||
| 945 | |d 20070124 00:00:00 |a rinostro | ||
| 260 | |a Valparaíso |b Diario La Unión |c 1954 | ||
| 500 | |a Caricaturas y dedicatoria autógrafa | ||
| 600 | 0 | 7 | |a FARGUE, LEON PAUL |2 CL-VaPUC |9 332825 |
| 600 | 0 | |a Mac Orlan, Pierre, |d 1882-1970 |9 332837 | |
| 600 | 0 | 7 | |a CENDRARS, BLAISE |2 CL-VaPUC |9 332742 |
| 600 | 0 | 7 | |a MIOMANDRE, FRANCIS |2 CL-VaPUC |9 506921 |
| 600 | 0 | 7 | |a PILLEMENT, GEORGES |2 CL-VaPUC |9 506922 |
| 600 | 0 | 7 | |a FARRERE, CLAUDE |2 CL-VaPUC |9 354301 |
| 650 | 7 | |a MEMORIAS |2 CL-VaPUC |9 269159 | |
| 650 | 0 | |a Crítica literaria |9 269189 | |
| 650 | 7 | |a TIPOS HUMANOS |2 CL-VaPUC |9 504574 | |
| 650 | 0 | |a Cultura |9 269059 | |
| 650 | 0 | |a Psicología |9 257863 | |
| 650 | 0 | |a Iconografía |9 267998 | |
| 650 | 7 | |a PREMIO NACIONAL DE LITERATURA 1967 |2 CL-VaPUC |9 345395 | |
| 583 | |a last modification |c 20070124 00:00:00 |k Rodrigo Vera | ||
| 999 | |c 320174 |d 320172 | ||
| 952 | |0 0 |1 0 |4 0 |6 CH_863_000000000000000_REY_1954 |7 0 |8 X |9 398648 |a FDOBUD |b FDOBUD |d 2019-11-22 |i 1012576 |o Ch863 REY 1954 |p 1012576 |r 2019-11-22 |w 2019-11-22 |y BK_X |k BUD | ||